[Event "Gligoric Cup 2nd"]
[Site "Kragujevac"]
[Date "2014.12.06"]
[Round "1.1"]
[White "Bogosavljevic, Boban"]
[Black "Nikolic, Vladimir"]
[Result "0-1"]
[WhiteElo "2507"]
[BlackElo "1985"]
[PlyCount "65"]
[EventDate "2014.12.06"]
[EventType "team-tourn"]
[EventRounds "9"]
[EventCountry "SRB"]
[SourceTitle "CBM 164 Extra"]
[Source "ChessBase"]
[SourceDate "2015.03.02"]
[SourceVersion "1"]
[SourceVersionDate "2015.03.02"]
[SourceQuality "1"]
[WhiteTeam "Kragujevac Radnicki"]
[BlackTeam "Milosevo"]
[WhiteTeamCountry "SRB"]
[BlackTeamCountry "SRB"]

1. d4 Nf6 2. Nf3 d5 3. c4 Nbd7 4. cxd5 Nb6 5. Qc2 Nfxd5 6. a3 c6 7. e4 Nc7 8. h3 g6 9. Be3 Bg7 10. Nbd2 0-0 11. Nc4 Nxc4 12. Bxc4 Be6 13. 0-0 Bxc4 14. Qxc4 Nb5 15. Rad1 Nd6 16. Qc2 Qa5 17. Rfe1 Rac8 18. Bd2 Qc7 19. e5 Ne8 20. Bb4 a5 21. Bc3 b6 22. Nd2 Bh6 23. Nc4 Ng7 24. Ne3 Nh5 25. d5 Bxe3 26. d6 Bxf2+ 27. Qxf2 Qb7 28. e6 fxe6 29. Qd4 Rf6 30. Rxe6 c5 31. Qc4 b5 32. Rxe7+ bxc4 33. Rxb7 0-1

[Event "SRB-chT2 East"]
[Site "Leskovac"]
[Date "2014.09.25"]
[Round "1.1"]
[White "Nikolic, Vladimir"]
[Black "Ristic, Boban"]
[Result "1/2-1/2"]
[WhiteElo "1975"]
[BlackElo "2071"]
[PlyCount "57"]
[EventDate "2014.09.25"]
[EventType "team-swiss"]
[EventRounds "6"]
[EventCountry "SRB"]
[SourceTitle "EXT 2015"]
[Source "ChessBase"]
[SourceDate "2014.11.20"]
[SourceVersion "1"]
[SourceVersionDate "2014.11.20"]
[SourceQuality "1"]

1. Nf3 d5 2. d4 Nf6 3. Nbd2 c6 4. c3 Bf5 5. Qb3 Qb6 6. a4 Nbd7 7. a5 Qc7 8. Qa4 a6 9. g3 e6 10. Nh4 Bg6 11. Bg2 e5 12. Nxg6 hxg6 13. dxe5 Nxe5 14. Nf3 Bd6 15. Nxe5 Bxe5 16. f4 Bd6 17. Be3 Qe7 18. Bd4 0-0 19. Bf3 Ne4 20. Qc2 Rfe8 21. 0-0 Qe6 22. Kg2 Re7 23. Rab1 Rae8 24. b4 Qf5 25. Qd3 g5 26. fxg5 Qxg5 27. Bxe4 Rxe4 28. Rf2 Qh5 29. Qf3 1/2-1/2

[Event "SRB Central-ch op-B 5th"]
[Site "Paracin"]
[Date "2012.07.10"]
[Round "6"]
[White "Hrescak, Ivana"]
[Black "Nikolic, Vladimir"]
[Result "1/2-1/2"]
[WhiteElo "1686"]
[BlackElo "1987"]
[PlyCount "120"]
[EventDate "2012.07.06"]
[EventType "swiss"]
[EventRounds "9"]
[EventCountry "SRB"]
[SourceTitle "CBM 149 Extra"]
[Source "ChessBase"]
[SourceDate "2012.08.24"]
[SourceVersion "1"]
[SourceVersionDate "2012.08.24"]
[SourceQuality "1"]

1. d4 Nf6 2. c4 d5 3. Nc3 e6 4. Bg5 c6 5. e3 Qa5 6. Bxf6 gxf6 7. cxd5 Bb4 8. Qb3 cxd5 9. Nf3 Bd7 10. a3 Na6 11. Rc1 Bxc3+ 12. Qxc3 Qb6 13. b4 0-0 14. Bd3 Rac8 15. Qd2 Rxc1+ 16. Qxc1 Bb5 17. Bb1 Qc7 18. Qxc7 Nxc7 19. Kd2 Ne8 20. Bd3 Bxd3 21. Kxd3 Nd6 22. a4 Nc4 23. Kc3 Rc8 24. Kb3 b6 25. Rd1 a5 26. Nd2 Nd6 27. Rb1 f5 28. Rb2 Kf8 29. Rc2 Rxc2 30. Kxc2 axb4 31. Kb3 Ke7 32. Kxb4 Kd7 33. a5 bxa5+ 34. Kxa5 f6 35. Kb4 Kc6 36. f3 Kb6 37. g4 h6 38. Kc3 fxg4 39. fxg4 Kc6 40. Kd3 Kd7 41. e4 dxe4+ 42. Nxe4 Ne8 43. Ke3 Ke7 44. Kf4 Kf7 45. h4 Nc7 46. Nc3 Ne8 47. Ne4 Ng7 48. Ng3 Ne8 49. Ne4 Nc7 50. Nc3 Ke7 51. g5 fxg5+ 52. hxg5 h5 53. Kg3 Kf7 54. Kh4 Kg6 55. Ne4 Nd5 56. Nc5 Nf4 57. Ne4 Ng2+ 58. Kh3 Nf4+ 59. Kh4 Ng2+ 60. Kh3 Ne3 1/2-1/2

[Event "SRB Central-ch op-B 4th"]
[Site "Paracin"]
[Date "2011.07.15"]
[Round "9"]
[White "Nikolic, Vladimir"]
[Black "Djuretanovic, Ivan"]
[Result "1-0"]
[WhiteElo "1999"]
[BlackElo "2077"]
[PlyCount "91"]
[EventDate "2011.07.08"]
[EventType "swiss"]
[EventRounds "9"]
[EventCountry "SRB"]
[SourceTitle "CBM 143 Extra"]
[Source "ChessBase"]
[SourceDate "2011.08.29"]
[SourceVersion "1"]
[SourceVersionDate "2011.08.29"]
[SourceQuality "1"]

1. Nf3 c5 2. c4 Nc6 3. d4 cxd4 4. Nxd4 g6 5. g3 Bg7 6. Nxc6 bxc6 7. Bg2 Rb8 8. Qc2 Qb6 9. Nc3 Ba6 10. b3 Qa5 11. Bd2 Qd8 12. Rd1 Nf6 13. 0-0 0-0 14. Bf4 Rc8 15. Na4 d6 16. Nc5 Qb6 17. Nxa6 Qxa6 18. Bg5 Qb6 19. Be3 Qc7 20. Bd4 Rfd8 21. h3 Qa5 22. Qd2 Qa3 23. Bc3 Qa6 24. Ba5 Re8 25. e4 Nd7 26. Bc3 Bxc3 27. Qxc3 Qb6 28. Kh2 Red8 29. f4 a5 30. h4 Qc5 31. Bh3 Rc7 32. e5 d5 33. e6 Nf6 34. exf7+ Kxf7 35. Qe5 Rd6 36. f5 Qa7 37. g4 gxf5 38. Rxf5 Re6 39. Qf4 Ke8 40. g5 Re2+ 41. Kh1 Re4 42. Qf1 Rxh4 43. gxf6 e6 44. f7+ Kf8 45. Rf3 Qc5 46. Kg2 1-0

[Event "SRB Central-ch op-B 4th"]
[Site "Paracin"]
[Date "2011.07.12"]
[Round "5"]
[White "Nikolic, Vladimir"]
[Black "Nikolic, Milan"]
[Result "1-0"]
[WhiteElo "1999"]
[BlackElo "1885"]
[PlyCount "75"]
[EventDate "2011.07.08"]
[EventType "swiss"]
[EventRounds "9"]
[EventCountry "SRB"]
[SourceTitle "CBM 143 Extra"]
[Source "ChessBase"]
[SourceDate "2011.08.29"]
[SourceVersion "1"]
[SourceVersionDate "2011.08.29"]
[SourceQuality "1"]

1. Nf3 Nf6 2. d4 c5 3. d5 d6 4. c4 g6 5. Nc3 Bg7 6. Qc2 0-0 7. e4 Qa5 8. Bd2 Na6 9. Be2 Ng4 10. 0-0 f5 11. h3 Ne5 12. a3 Nb8 13. Nxe5 Bxe5 14. Bh6 Rf7 15. exf5 Bxf5 16. Bd3 Bxd3 17. Qxd3 Nd7 18. f4 Bd4+ 19. Kh1 Re8 20. Rf3 e5 21. dxe6 Rxe6 22. Nd5 Re1+ 23. Rxe1 Qxe1+ 24. Rf1 Qe6 25. b4 Nb6 26. bxc5 dxc5 27. f5 gxf5 28. Qg3+ Bg7 29. Bxg7 Rxg7 30. Qb8+ Nc8 31. Nf4 Qd7 32. Qe5 b6 33. Nh5 Rg6 34. Nf6+ Rxf6 35. Qxf6 Ne7 36. h4 Qd3 37. Rf3 Qe2 38. h5 1-0

[Event "SRB Central-ch op-B 4th"]
[Site "Paracin"]
[Date "2011.07.11"]
[Round "4"]
[White "Vaskovic, Dragan"]
[Black "Nikolic, Vladimir"]
[Result "0-1"]
[WhiteElo "1812"]
[BlackElo "1999"]
[PlyCount "76"]
[EventDate "2011.07.08"]
[EventType "swiss"]
[EventRounds "9"]
[EventCountry "SRB"]
[SourceTitle "CBM 143 Extra"]
[Source "ChessBase"]
[SourceDate "2011.08.29"]
[SourceVersion "1"]
[SourceVersionDate "2011.08.29"]
[SourceQuality "1"]

1. e4 e5 2. Nf3 Nc6 3. Bb5 Bc5 4. c3 Qe7 5. 0-0 Nf6 6. Re1 0-0 7. d4 Bb6 8. Bg5 d6 9. d5 Nb8 10. a4 a5 11. Qc2 h6 12. Be3 Bxe3 13. Rxe3 Ng4 14. Re1 f5 15. h3 fxe4 16. Qxe4 Bf5 17. Qe2 Nf6 18. Bc4 Nh5 19. Nxe5 Qxe5 20. g4 Qxe2 21. Bxe2 Bxb1 22. Raxb1 Nf4 23. Bf1 Nd7 24. Re7 Rf7 25. Rbe1 Ne5 26. R7xe5 dxe5 27. Rxe5 Rd8 28. Bc4 Rd6 29. Ba2 Nxh3+ 30. Kh2 Nxf2 31. Kg3 g5 32. Bb1 Kg7 33. Bf5 Rxf5 34. gxf5 Kf6 35. Re2 Nd3 36. Kg4 Ne5+ 37. Kg3 Rxd5 38. Rh2 Rd3+ 0-1